LIBRARY & INFORMATION CENTRE, KCAET, TAVANUR

ONLINE PUBLIC ACCESS CATALOGUE (OPAC)

Agriculture and animal husbandry in India / (Record no. 4689)

MARC details
000 -LEADER
fixed length control field 00392cam a2200145ua 4500
041 ## - LANGUAGE CODE
Language code of text/sound track or separate title eng
082 ## - DEWEY DECIMAL CLASSIFICATION NUMBER
Classification number 636
Item number RAN/AG
100 ## - MAIN ENTRY--AUTHOR NAME
Personal name Randhawa, M S.
245 ## - TITLE STATEMENT
Title Agriculture and animal husbandry in India /
260 ## - PUBLICATION, DISTRIBUTION, ETC. (IMPRINT)
Place of publication Thiruvananthapuram :
Name of publisher State Instititute of Languages ,
Year of publication 1961.
300 ## - PHYSICAL DESCRIPTION
Number of Pages 342 ; .
942 ## - ADDED ENTRY ELEMENTS (KOHA)
Koha item type Books
Holdings
Withdrawn status Lost status Damaged status Home library Current library Date acquired Cost, normal purchase price Full call number Accession Number Koha item type Public note
Withdrawn     KAUAET Malayalam University 07/04/2012 10.00 636 7835 Books Transferred to Malayalam University
free website counter